| 000 | 00490 a2200169 4500 | ||
|---|---|---|---|
| 003 | OSt | ||
| 005 | 20231028153444.0 | ||
| 008 | 231021b |||||||| |||| 00| 0 eng d | ||
| 020 | _a9789352825530 | ||
| 040 | _coclc | ||
| 082 |
_a894.8124 _bVIJ/H |
||
| 100 |
_aVijayan, O V _91775 |
||
| 245 |
_a HAINDAVANUM ATHIHAINDAVANUM / _cO V Vijayan |
||
| 260 |
_aKottayam: _bD C Books _c2021. |
||
| 300 |
_a136p _c21 cm |
||
| 942 |
_2ddc _cBK _h894.8124 _iVIJ/H _k894.8124 _mVIJ/H |
||
| 999 |
_c42884 _d42884 |
||